All tenants are equal (Record no. 71705)

MARC details
000 -LEADER
fixed length control field 01377cam a2200241 4500
001 - CONTROL NUMBER
control field WB3845-19
008 - FIXED-LENGTH DATA ELEMENTS--GENERAL INFORMATION
fixed length control field 021204n2002 000 0 eng u
035 ## - SYSTEM CONTROL NUMBER
System control number (Sirsi) u120661
245 ## - TITLE STATEMENT
Title All tenants are equal
260 ## - PUBLICATION, DISTRIBUTION, ETC.
Date of publication, distribution, etc. 2002
490 ## - SERIES STATEMENT
Series statement Estates Gazette
Volume/sequential designation (0248) 30 November 2002, 137(1)
520 ## - SUMMARY, ETC.
Summary, etc. Examines the law surrounding succession rights to residential tenancies following the death of a same-sex partner with reference to "Harrogate BC v Simpson" [1985] 27 HLR 205 and "Fitzpatrick v Sterling Housing Association Ltd" [2001] 1 AC 27. The Human Rights Act 1998 has forced the law to be revisited in the recent case "Mendoza v Ghaidan" [2002] EWCA Civ 1533 in which Mendoza was granted equal succession rights to a spouse or heterosexual partner on the death of his homosexual partner. View judgment on Bailii website http://www.bailii.org/ew/cases/EWCA/Civ/2002/1533.html.
590 ## - LOCAL NOTE (RLIN)
Local note WB
650 ## - SUBJECT ADDED ENTRY--TOPICAL TERM
Topical term or geographic name entry element FITZPATRICK V STERLING HOUSING ASSOCIATION LTD
650 ## - SUBJECT ADDED ENTRY--TOPICAL TERM
Topical term or geographic name entry element HARROGATE BC V SIMPSON
650 ## - SUBJECT ADDED ENTRY--TOPICAL TERM
Topical term or geographic name entry element MENDOZA V GHAIDAN
650 ## - SUBJECT ADDED ENTRY--TOPICAL TERM
Topical term or geographic name entry element HUMAN RIGHTS ACT 1998
650 ## - SUBJECT ADDED ENTRY--TOPICAL TERM
Topical term or geographic name entry element SUCCESSION RIGHTS
650 ## - SUBJECT ADDED ENTRY--TOPICAL TERM
Topical term or geographic name entry element HOMOSEXUAL RELATIONSHIP
690 ## - LOCAL SUBJECT ADDED ENTRY--TOPICAL TERM (OCLC, RLIN)
Topical term or geographic name as entry element PROPERTY-RESIDENTIAL PROPERTY-RESIDENTIAL LANDLORD AND TENANT-RESIDENTIAL TENANCIES
856 ## - ELECTRONIC LOCATION AND ACCESS
Uniform Resource Identifier <a href="https://www.bailii.org/ew/cases/EWCA/Civ/2002/1533.html">https://www.bailii.org/ew/cases/EWCA/Civ/2002/1533.html</a>
Public note View judgment on Bailii website.
942 ## - ADDED ENTRY ELEMENTS (KOHA)
Suppress in OPAC 0
Holdings
Withdrawn status Lost status Source of classification or shelving scheme Damaged status Not for loan Home library Current library Shelving location Date acquired Total Checkouts Full call number Barcode Date last seen Copy number Price effective from Koha item type
    Dewey Decimal Classification     London London News article 04/12/2002   WB3845-19 120661-1001 06/08/2019 1 06/08/2019 News article